000 00390nam a22001577a 4500
005 20251108172405.0
008 250721s1980 xx 000 0 eng d
082 1 4 _aF/EMA
100 1 _aEmanuel, Walter
245 1 2 _aA dog day or the angelin the house /
264 1 _aLondon :
_bEel pie publishing,
_c1980.
300 _a57p.
650 1 7 _aFiction
942 _2ddc
_cBK
999 _c78073
_d78073